| 000 | 01467 a2200217 4500 | ||
|---|---|---|---|
| 020 | _a0534342477 | ||
| 020 | _a9780534342470 | ||
| 082 | 0 | 4 | _a616.89 |
| 090 |
_c1642 _d1642 |
||
| 100 | 1 | _aBrown, Timothy A. | |
| 245 | 1 | 0 |
_aCasebook in abnormal psychology : _ban integrative approach / _cTimothy A. Brown. |
| 250 | _a1st ed. | ||
| 260 |
_a[S.l.] : _bBrooks/Cole Pub Co, _c1996. |
||
| 300 |
_a334 p. ; _c23 cm. |
||
| 500 | _aPaperback. | ||
| 520 | _aUsing cases taken from the authors' case files or from case files of other working clinicians, this casebook portrays the rich and arresting nature of disorders as they are displayed in real people. Cases illustrate every major DSM-IV category and are followed by a therapy outcome section which gives the "rest of the story" of what happened to these clients. The authors draw on an extremely current and thorough database, look at the multiple causes of disorders, and incorporate developmental and cultural issues in each case. Two complex cases are included without a diagnosis to give students an opportunity to come up with diagnoses on their own. The cases are designed to give students an appreciation for the complexity of the diagnostic process. | ||
| 700 | 1 | _aBarlow, David H. | |
| 856 | 4 | 0 |
_3Amazon.com _uhttp://www.amazon.com/exec/obidos/ASIN/0534342477/chopaconline-20 |
| 856 | 4 | 0 |
_3Amazon customer reviews _uhttp://www.chopac.org/cgi-bin/tools/azrev.pl?q=0534342477 |
| 942 |
_aNBS _cBK _k616.8920 BRO |
||
| 999 |
_c344158 _d344158 |
||